000 01002nam a2200277Ia 4500
003 OSt
005 20221005105807.0
006 a|||||r|||| 00| 0
007 ta
008 221004b |||||||| |||| 00| 0 hin d
020 _a9788171382286 (hbk)
_cIndian Rupees 300
024 _a38824
037 _bGift, 01/08/2018,
_cTextual
040 _aCRL
_cCRL
_bhin
041 _2hin
_ahin
082 _aO152,3N33w, Q1
100 _aकन्हैयालाल नंदन, ले.
245 0 _aमैं था और मेरा आकाश
246 _aMaian thā aur merā ākāsha
260 _aनई दिल्ली
_bसामयिक प्रकाशन भारत
_c2011
300 _a207पृ0
_ccm.
650 _a हिन्दी साहित्य
650 _aहिन्दी कहानी
942 _hO152,3N33w, Q1
_cTEXL
_2cc
999 _c1016925
_d1016925